Il rosso e il nero : indizi e indagini dell'età acerba /
Enregistré dans:
| Collectivité auteur: | |
|---|---|
| Autres auteurs: | |
| Format: | Livre |
| Langue: | italien |
| Publié: |
Cesena :
Il ponte vecchio,
[2002]
|
| Sujets: | |
| Tags: |
Pas de tags, Soyez le premier à ajouter un tag!
|
MARC
| LEADER | 00000nam a22000007i 4500 | ||
|---|---|---|---|
| 001 | IT\ICCU\UBO\2173195 | ||
| 003 | ItRI | ||
| 005 | 20260115232437.0 | ||
| 008 | 030424s2002 it |||||| ||||| |||||c | ||
| 040 | |b ita |c importazione bologna sebina | ||
| 041 | 7 | |a ita |2 ISO-639-2 | |
| 245 | 0 | 3 | |a Il rosso e il nero : |b indizi e indagini dell'età acerba / |c a cura di Hamelin Associazione Culturale ; prefazione di Antonio Faeti. |
| 260 | |a Cesena : |b Il ponte vecchio, |c [2002] | ||
| 300 | |a 53 p. : |b ill. ; |c 16x23 cm | ||
| 500 | |a Pubbl. in occasione della 25. Mostra del libro per ragazzi, 2002, a cura del Consorzio Pian del Bruscolo, Comune di Colbordolo, Comune di Montelabbate, Comune di Sant'Angelo in Lizzola, Comune di Tavullia. | ||
| 650 | 7 | |a Letteratura poliziesca per ragazzi |x Bibliografia ragionata |2 scbi | |
| 700 | 1 | |a Faeti, Antonio |0 IT\ICCU\CFIV\036954 | |
| 710 | 2 | |a Hamelin (associazione culturale) |0 IT\ICCU\RAVV\104016 | |
| 942 | |2 ddc |c BK |n 0 | ||
| 952 | |0 0 |1 0 |4 0 |6 DOC_016_809000000000000_HAM |7 0 |9 25851 |a BO |b BO |d 2026-01-15 |i 11853 |l 0 |o DOC 016.809 HAM |p BO11853 |r 2026-01-15 23:24:37 |w 2026-01-15 |x [Sebina 5] [1 v.] |y BK |z 1 v. | ||
| 999 | |c 21917 |d 21917 | ||